| 000 | 00712nam a2200229 i 4500 | ||
|---|---|---|---|
| 001 | 97704 | ||
| 003 | ES-MaACL | ||
| 005 | 20231213062945.0 | ||
| 007 | t| | ||
| 008 | 050715s1972 sp |||| | spa d | ||
| 100 | 1 |
_aMarías, Julián, _d1914-2005 _976688 |
|
| 245 | 1 | 0 |
_aNuestra Andalucía y Consideración de Cataluña / _cJulián Marías. |
| 246 | 3 | _aConsideración de Cataluña | |
| 260 |
_aMadrid : _bRevista de Occidente, _c1972. |
||
| 300 |
_a173 p. ; _c18 cm. |
||
| 651 | 4 |
_aAndalucía- _xDescripción. _97768 |
|
| 651 | 4 |
_aCataluña- _xDescripción. _98009 |
|
| 651 | 4 |
_aAndalucía- _xCultura. _9161198 |
|
| 651 | 4 |
_aCataluña- _xCultura. _98008 |
|
| 852 |
_aES-MaACL _jC-48186 |
||
| 999 |
_c97704 _d97704 |
||